| 000 | 00630nam a2200193 a 4500 | ||
|---|---|---|---|
| 001 | BRCA_2872 | ||
| 005 | 20190320204017.0 | ||
| 008 | 111208s1872----fr-#---###---#000-0#fre-u | ||
| 050 | 4 |
_aF391 _b.D66 1872 |
|
| 100 | 1 |
_aDomenech, Emmanuel Henri Dieudonne _98016 |
|
| 245 | 1 | 0 |
_aJournal d´un missionaire au Texas et au Mexique par l´abbé E. Domenech, 1846-1852 _cEmmanuel Henri D. Domenech. |
| 260 |
_aParis _bG. Freres et J. Duprey _c1872 |
||
| 300 |
_axii, 417 p. _c18 cm. |
||
| 500 | _aB17 | ||
| 651 | 4 |
_aTexas _xDescripción y viajes _98017 |
|
| 651 | 4 |
_aMéxico _xDescripción y viajes _9103 |
|
| 902 | _aGFM | ||
| 942 |
_2lcc _cB |
||
| 999 |
_c2611 _d2611 |
||